A-Z Animal Crossing - Statistics

General Stats
  • This quiz has been taken 135 times
  • The average score is 17 of 25
Answer Stats
Letter Hint Answer % Correct
B A special character who serves as the director of the Museum. Blathers
99%
M Runs the Able Sisters shop on the island. Mabel
91%
C He is the new host of the Fishing Tourney. CJ
88%
I Town mayor's secretary and assistant. Isabelle
88%
T He acts as the leader on the island, acting as task giver and island upgrader. Tom Nook
87%
G He occasionally washes up on the beach. Gulliver
86%
R He is known to sell both authentic and counterfeit paintings. Redd
86%
D Sells turnips every Sunday morning. Daisy Mae
85%
O A receptionist at the Dodo Airlines airport in the player's town. Orville
83%
A A snooty cat that looks like Cleopatra. Ankha
80%
K He sells a selection of rare shoes, socks, and bags. Kicks
80%
W The pilot for Dodo Airlines. Wilbur
77%
H His appearance resembles a stereotypical hippy. Harvey
72%
J He appears once a year on the 24th of December for Toy Day. Jingle
71%
Z Villagers tease him for the zipper on his back. Zipper
68%
S She trades in rare carpets and wallpaper to the player. Saharah
66%
L Appears when the player is constructing a bridge or incline. Lloid
64%
E A lazy chicken villager who likes to say "doodle-duh". Egbert
56%
F A turkey character that appears during the Harvest Festival. Franklin
46%
P Provides philosophical knowledge to the villagers. Pascal
44%
Y A snooty, fashionable koala that frequently says "tsk tsk". Yuka
38%
U A sisterly bear that loves music and says "grooomph". Ursala
34%
Q A smug duck that likes to call himself a VIP on the island. Quillson
32%
V A cranky, fitness-obsessed bull that frequently says "cud". Vic
31%
N A peppy squirrel villager who is very fashionable. Nibbles
22%
No matching quizzes found
Score Distribution
Percent of People with Each Score
Percentile by Number Answered
Your Score History
You have not taken this quiz